| 000 | 00509pab a2200181 454500 | ||
|---|---|---|---|
| 008 | 180718b2006 xxu||||| |||| 00| 0 eng d | ||
| 100 | _aIhimodu, Ifeyori I. | ||
| 245 | _aPublic policy and maintenance of rural infrastructures in Nigeria | ||
| 260 | _c2006 | ||
| 300 | _ap.65-74. | ||
| 362 | _aJul-Dec | ||
| 650 | _aPublic policy - Nigeria | ||
| 650 | _aRural development - Nigeria | ||
| 650 | _aRural development | ||
| 773 | _aAfro-Asian Journal of Rural Development | ||
| 908 | _aN | ||
| 909 | _a73057 | ||
| 999 |
_c73057 _d73057 |
||